| 000 | 00750nam a2200253Ia 4500 | ||
|---|---|---|---|
| 003 | OSt | ||
| 005 | 20220927112154.0 | ||
| 006 | a|||||r|||| 00| 0 | ||
| 007 | ta | ||
| 008 | 220926b |||||||| |||| 00| 0 eng d | ||
| 024 | _a109207 | ||
| 037 | _cReports | ||
| 040 |
_aRTL _cRTL _beng |
||
| 041 |
_2eng _aeng |
||
| 082 | _a"X9(MY213):76.2.N65t, K7" | ||
| 110 |
_aGovernment of India. Tariff(com). _9383250 |
||
| 245 | 0 | _aReport on the price structure of catguts. | |
| 260 |
_aDelhi _bMOP India _c1967 |
||
| 300 |
_a55p. _ccm. |
||
| 650 |
_aCatgut Industries _9383251 |
||
| 700 |
_aGovernment of India. Tariff(com). _9383252 |
||
| 942 |
_h"X9(MY213):76.2.N65t, K7" _cCC |
||
| 999 |
_c699878 _d699878 |
||